<?xml version="1.0" encoding="UTF-8"?>
<record
    xmlns:xsi="http://www.w3.org/2001/XMLSchema-instance"
    xsi:schemaLocation="http://www.loc.gov/MARC21/slim http://www.loc.gov/standards/marcxml/schema/MARC21slim.xsd"
    xmlns="http://www.loc.gov/MARC21/slim">

  <leader>00784nam a22001577a 4500</leader>
  <controlfield tag="008">140902b        xxu||||| |||| 00| 0 eng d</controlfield>
  <datafield tag="020" ind1=" " ind2=" ">
    <subfield code="a">0406092990</subfield>
  </datafield>
  <datafield tag="050" ind1=" " ind2=" ">
    <subfield code="a">KD277.7.L39(1913 vol.3)</subfield>
  </datafield>
  <datafield tag="245" ind1=" " ind2=" ">
    <subfield code="a"> The Law Reports (1913 vol.3) Kings bench division:  of the incorporated council of law reporting Of the incorporated council of law reporting king's bench division and on appeal therefrom in the court of appeal decisions in the court of criminal appeal and decisions of the railway and canal commission. / </subfield>
    <subfield code="c">edited by Sir Frederick Pollock and assisted by A. P. Stone</subfield>
  </datafield>
  <datafield tag="260" ind1=" " ind2=" ">
    <subfield code="a">London:</subfield>
    <subfield code="b">Butterworth &amp; Co. Ltd,</subfield>
    <subfield code="c">1913.</subfield>
  </datafield>
  <datafield tag="300" ind1=" " ind2=" ">
    <subfield code="a">xvi,941p.:</subfield>
    <subfield code="c">24cm.</subfield>
  </datafield>
  <datafield tag="440" ind1=" " ind2=" ">
    <subfield code="p">King's bench division </subfield>
    <subfield code="v">Vol III</subfield>
  </datafield>
  <datafield tag="800" ind1=" " ind2=" ">
    <subfield code="a">Pollock, Frederick</subfield>
  </datafield>
  <datafield tag="800" ind1=" " ind2=" ">
    <subfield code="a">Stone, A.P. </subfield>
  </datafield>
  <datafield tag="942" ind1=" " ind2=" ">
    <subfield code="2">lcc</subfield>
    <subfield code="c">BK</subfield>
  </datafield>
  <datafield tag="999" ind1=" " ind2=" ">
    <subfield code="c">3976</subfield>
    <subfield code="d">11476</subfield>
  </datafield>
  <datafield tag="952" ind1=" " ind2=" ">
    <subfield code="0">0</subfield>
    <subfield code="1">0</subfield>
    <subfield code="2">lcc</subfield>
    <subfield code="4">0</subfield>
    <subfield code="7">0</subfield>
    <subfield code="a">WIUC-1</subfield>
    <subfield code="b">WIUC-1</subfield>
    <subfield code="c">LL</subfield>
    <subfield code="d">2014-09-02</subfield>
    <subfield code="l">0</subfield>
    <subfield code="o">KD277.7.L39(1913 vol.3)</subfield>
    <subfield code="p">1993/990/14</subfield>
    <subfield code="r">2014-09-02 00:00:00</subfield>
    <subfield code="t">1</subfield>
    <subfield code="w">2014-09-02</subfield>
    <subfield code="y">BK</subfield>
  </datafield>
</record>
